| 000 | 00919 a2200301 4500 | ||
|---|---|---|---|
| 005 | 20251119100536.0 | ||
| 008 | 251119b |||||||| |||| 00| 0 eng d | ||
| 041 | _aFr | ||
| 044 | _aCIV | ||
| 090 | _bDG/N/3095 | ||
| 100 | _aKOUASSI, Kouakou Toussaint | ||
| 110 | _aCentre National de Recherche Agronomique | ||
| 110 | _bCote d'Ivoire | ||
| 245 |
_aEvaluation de la sante de la vegetation du site de recherche forestiere CNRA de Yapo par teledetection _b(Rapport de stage de fin de cycle, Brevet de technicien superieur option production vegetal) |
||
| 260 | _aAbidjan | ||
| 260 | _bCNRA | ||
| 260 | _c2025 | ||
| 302 | _a32 p. | ||
| 388 | _a2025-11-19 | ||
| 650 |
_2AGROVOC _gCNRA |
||
| 650 | _gSite | ||
| 650 | _gYapo | ||
| 650 | _gEvaluation | ||
| 650 | _gSante | ||
| 650 | _gVegetation | ||
| 650 | _gTeledetection | ||
| 856 | _uhttps://ftech.byethost7.com/wp-content/uploads/2025/11/DGN3095.pdf | ||
| 999 |
_c5991 _d5991 |
||